000 00402nam a2200169Ia 4500
005 20240823010837.0
008 240823s9999||||xx |||||||||||||| ||und||
082 _A158.7 P1
100 _aDalip Singh
245 0 _aEmotional Intelligence at work
250 _a1st
260 _c2001
_b"RB,New Delhi"
500 _aYES
650 _aManagement
_bManagement Studies
942 _cBK
999 _c159811
_d159811